000
00275nam a2200121 a 4500
008
090930s1974|||| d
100
1
_a
Aubryová, C.
245
1
0
_a
Sebastian a Mary Morgan
020
_c
23
260
_b
Pravda
_a
Bratislava
_c
1974
041
_a
slo
044
_a
xo
_c
SK
999
_c
31
_d
31